<?xml version="1.0" encoding="UTF-8"?>
<marc:record xmlns:marc="http://www.loc.gov/MARC21/slim">
   <marc:leader>00000nam a2200000 a 4500</marc:leader>
   <marc:datafield ind1="1" ind2=" " tag="100">
      <marc:subfield code="a">Ditfurth, Christian von</marc:subfield>
      <marc:subfield code="4">aut</marc:subfield>
      <marc:subfield code="e">Verfasser/-in</marc:subfield>
   </marc:datafield>
   <marc:datafield ind1=" " ind2=" " tag="653">
      <marc:subfield code="a">Geschichte</marc:subfield>
   </marc:datafield>
   <marc:datafield ind1=" " ind2=" " tag="653">
      <marc:subfield code="a">Einführung</marc:subfield>
   </marc:datafield>
   <marc:datafield ind1=" " ind2=" " tag="653">
      <marc:subfield code="a">Deutschland</marc:subfield>
   </marc:datafield>
   <marc:datafield ind1="0" ind2="0" tag="245">
      <marc:subfield code="a">Deutsche Geschichte für Dummies</marc:subfield>
   </marc:datafield>
   <marc:datafield ind1="0" ind2="0" tag="245">
      <marc:subfield code="b">[auf einen Blick: die Germanen und deren Vorgänger ; das Heilige Römische Reich mit Kaiserherrlichkeit und Reformation ; die Napoleonischen Kriege und das Wilhelminische Zeitalter ; das 20. Jahrhundert zwischen Katastrophe und Hoffnung]</marc:subfield>
   </marc:datafield>
   <marc:datafield ind1="0" ind2="0" tag="245">
      <marc:subfield code="c">Christian von Ditfurth</marc:subfield>
   </marc:datafield>
   <marc:datafield ind1=" " ind2="1" tag="264">
      <marc:subfield code="a">Weinheim</marc:subfield>
      <marc:subfield code="b">Wiley-VCH</marc:subfield>
      <marc:subfield code="c">2012</marc:subfield>
   </marc:datafield>
   <marc:datafield ind1=" " ind2=" " tag="250">
      <marc:subfield code="a">2., erw. Aufl.</marc:subfield>
   </marc:datafield>
   <marc:datafield ind1="1" ind2=" " tag="520">
      <marc:subfield code="a">Christian von Ditfurth nimmt Sie mit auf eine Reise zu wilden Horden, Königen, Kaisern, Ketzern und Kriegen. Er erzählt eine Geschichte von Heiligen, Heiden, Idealisten, Träumern und Spinnern, wie sie dachten, stritten, eiferten, unser Land und die Welt veränderten. Es ist eine Geschichte der Gegensätze, Gutes und Böses, Freude und Leid, Versagen und Erfolg eng beieinander, aber gerade deshalb faszinierend und mitreißend.</marc:subfield>
   </marc:datafield>
   <marc:datafield ind1=" " ind2=" " tag="020">
      <marc:subfield code="a">9783527708802</marc:subfield>
      <marc:subfield code="9">9783527708802</marc:subfield>
   </marc:datafield>
   <marc:datafield ind1=" " ind2=" " tag="020">
      <marc:subfield code="a">3527708804</marc:subfield>
      <marc:subfield code="9">3527708804</marc:subfield>
   </marc:datafield>
   <marc:datafield ind1=" " ind2=" " tag="300">
      <marc:subfield code="a">623 S. : Ill., Kt.</marc:subfield>
   </marc:datafield>
</marc:record>
